| 000 | 00619nam a2200229Ia 4500 | ||
|---|---|---|---|
| 003 | OSt | ||
| 005 | 20221006144610.0 | ||
| 006 | a|||||r|||| 00| 0 | ||
| 007 | ta | ||
| 008 | 221006b |||||||| |||| 00| 0 eng d | ||
| 024 | _a12,068 | ||
| 037 | _cTextual | ||
| 040 |
_aEASL _cEASL _beng |
||
| 041 |
_2eng _aeng |
||
| 082 | _aV41y7I72, L5 | ||
| 100 |
_aCHANG Yu-Chuan _9652361 |
||
| 245 | 0 | _aWang shou-jen as statesman | |
| 260 |
_aPeking _bChinese Social & Political Seience Ass. _c1975 |
||
| 300 |
_a517p. _ccm. |
||
| 942 |
_hV41y7I72, L5 _cTEXL _2CC |
||
| 999 |
_c1080154 _d1080154 |
||